000 00267nam a22001217a 4500
008 170214b xxu||||| |||| 00| 0 eng d
041 _aeng
080 _a61
100 _a4
101 _aSHM
245 _aCONCISE DICTIONARY MODERN MEDICINE
_cSEGEN
942 _2udc
_cBK
999 _c5475
_d5475